سیرت النبی ص (Record no. 64937)

MARC details
000 -LEADER
fixed length control field 00285nam a22001097a 4500
082 ## - DEWEY DECIMAL CLASSIFICATION NUMBER
Classification number 297
-- ن ع م
100 ## - MAIN ENTRY--AUTHOR NAME
Personal name علام شبلی نعمانی رح
245 ## - TITLE STATEMENT
Title سیرت النبی ص
260 ## - PUBLICATION, DISTRIBUTION, ETC. (IMPRINT)
Place of publication نشنل بک فاوندیشن
Name of publisher اسلام آناد
300 ## - PHYSICAL DESCRIPTION
Number of Pages 768
942 ## - ADDED ENTRY ELEMENTS (KOHA)
Koha item type Books
Holdings
Withdrawn status Lost status Collection code Home library Current library Date acquired Full call number Accession Number Koha item type
    Reference Reference Section Reference Section 03/07/2019 297 (Shelf - 17E) R1562 Books